000 00788nam a2200289Ia 4500
008 160321s9999||||xx |||||||||||||| ||und||
040 _cEnglish
082 _aXI.B Sastri
082 _bBORI-54409
100 _aV. S. Srinivasa Sastri
245 4 _aThe Rights and Duties of The Indian Citizen
260 _aCalcutta
260 _bCalcutta University Press
260 _c1922
300 _ax+116
300 _cB
300 _ePaperbook
530 _u00046405.pdf
563 _aStudy
600 _aV. S. Srinivasa Sastri
630 _aThe Rights and Duties of The Indian Citizen
650 _a"Social History,Culture"
650 _aGeneral Indology
700 _aV. S. Srinivasa Sastri
730 _aThe Rights and Duties of The Indian Citizen
942 _cBOOK
999 _c1365111
_d1365108